| 000 | 01213nam a2200277 i 4500 | ||
|---|---|---|---|
| 001 | 110736 | ||
| 003 | ES-MaACL | ||
| 005 | 20230906185140.0 | ||
| 007 | t| | ||
| 008 | 070124m19321936sp ||||1| spa d | ||
| 080 | _a347.7.(45)(075.8) | ||
| 100 | 1 |
_aVivante, Cesare. _9115548 |
|
| 245 | 1 | 0 |
_aTratado de derecho mercantil _b: versión española de la quinta edición italiana corregida, aumentada y reimpresa / _cCésar Vivante. |
| 250 | _a1ª ed. | ||
| 260 |
_aMadrid : _bHijos de Reus, _c1932-<1936> |
||
| 300 |
_av. 1,2,3 ; _c23 cm. |
||
| 490 | 1 |
_aBiblioteca jurídica de autores españoles y extranjeros ; _v162-164 |
|
| 505 | 8 | _aContiene: v. 1. El comerciante/ traducido por César Silió Belena.(E-3134).-- v. 2. Las sociedades mercantiles/traducido por Ricardo Espejo de Hinojosa.(E-3135).-- Las cosas.../traducido por Miguel Cabeza y Anido.(E-3136) | |
| 650 |
_aDerecho mercantil- _zItalia. _911740 |
||
| 700 | 0 |
_aSilio Beleña, César. _9106346 |
|
| 700 | 1 |
_aEspejo de Hinojosa, Ricardo. _947799 |
|
| 700 | 1 |
_aCabeza y Anido, Miguel. _933194 |
|
| 830 | 0 |
_aBiblioteca jurídica de autores españoles y extranjeros ; _v162-164 _9182228 |
|
| 852 |
_aES-MaACL _jE-3134-36 |
||
| 999 |
_c110736 _d110736 |
||